Optics
-д хадгалсан:
| Үндсэн зохиолч: | |
|---|---|
| Формат: | Ном |
| Хэл сонгох: | англи |
| Хэвлэсэн: |
Reading
Addison-Wesley
1949
|
| Хэвлэл: | 3a. ed |
| Цуврал: | Principles of physics series
|
| Нөхцлүүд: | |
| Шошгууд: |
Шошго нэмэх
Шошго байхгүй, Энэхүү баримтыг шошголох эхний хүн болох!
|
MARC
| LEADER | 00000nam a2200000 a 4500 | ||
|---|---|---|---|
| 001 | UCT2367 | ||
| 003 | CL-VaPUC | ||
| 008 | 961011e19490000US |||||||||||||||||eng|d | ||
| 082 | 0 | 4 | |a 535 |b SEA |2 21 |
| 100 | 0 | |a Sears, Francis Weston |e author |9 371404 | |
| 245 | 1 | 0 | |a Optics |
| 250 | |a 3a. ed | ||
| 300 | |a 386 p | ||
| 942 | |c BK | ||
| 945 | |d 19961011 00:00:00 |a paguirre | ||
| 260 | |a Reading |b Addison-Wesley |c 1949 | ||
| 650 | 0 | |a Optica |9 263171 | |
| 650 | 0 | |a Luz visible |9 340314 | |
| 650 | 0 | |a Física |9 227844 | |
| 650 | 7 | |a LENTES OPTICAS |2 CL-VaPUC |9 360538 | |
| 650 | 0 | |a Color |9 265507 | |
| 650 | 7 | |a DIFRACCION |2 CL-VaPUC |9 354948 | |
| 583 | |a last modification |c 19961011 00:00:00 |k Rodrigo Vera | ||
| 490 | 0 | |a Principles of physics series | |
| 999 | |c 252496 |d 252494 | ||
| 952 | |0 0 |1 0 |4 0 |6 535_000000000000000_SEA_1949 |7 0 |8 A |9 272388 |a BIBMEC |b BIBMEC |d 2019-11-19 |i 1328670 |o 535 SEA 1949 |p 1328670 |r 2024-01-19 |w 2019-11-19 |y BK |k MEC | ||
| 952 | |0 0 |1 0 |4 0 |6 535_000000000000000_SEA_1949 |7 0 |8 A |9 272389 |a BIBCUR |b BIBCUR |d 2019-11-19 |i 3837084 |o 535 SEA 1949 |p 3837084 |r 2025-04-22 |w 2019-11-19 |y BK |k BCB | ||
| 952 | |0 0 |1 0 |4 0 |6 535_000000000000000_SEA_1949 |7 0 |8 A |9 272390 |a BIBMAT |b BIBMAT |d 2019-11-19 |i 4393511 |o 535 SEA 1949 |p 4393511 |r 2025-01-07 |w 2019-11-19 |y BK |k MAT | ||